LEADER 01348nam a2200289 u 4500 001 000000010190 003 CaOOAMICUS 005 20070226105305.0 008 941123s1922 enk u000 u eng u 035 $a10252310 040 $aPUL(R)$bita 100 1 $aEdleston, Robert Holmes.$0(OLS)http://pul/name/10057 245 10$aNapoléon III. and Italy :$ba brief historical survey /$cby Robert Holmes Edleston. 260 $aDarlington :$bBailey and company,$c1922. 300 $a3 v. in 1 ;$c22 cm 500 $aPaged continuously. 500 $a"Author of Letters from Rome in 1903". 500 $aPt. I. was issued in 1909; pts. II-III have title-pages dated 1911 and 1913. respectively. 504 $aBibliography: pt. I, 4th prelim. leaf; pt. II, p. [514]-[515] 505 1 $aPart I: 1830-1860 -- part II: 1860-1865 -- part III: 1865-1868. 600 04$aNapoléon$bIII,$cimperatore dei Francesi,$d1808-1873.$0(OLS)http://pul/subject/811 651 4$aFrancia$xStoria$ySec. XVIII.$0(OLS)http://pul/subject/7542 850 $aPUL 852 $aPUL$W1$xDP2 Filosofia 1$y62$m125 B 27$j14520$nBK-PRI$b $qStampati$B14520$CPULBib$Z2$F14520 $81 941 1 $a8 996 $6245$aNapoléon III. and Italy :$ba brief historical survey$9(OLS)http://pul/title/14901 996 $6260$aDarlington :$bBailey and company$9(OLS)http://pul/publisher/52778 LEADER 01703nam a2200349 u 4500 001 000000089953 003 CaOOAMICUS 005 20070226124654.0 008 051202s1959 it u000 u ita u 035 $a11071187 040 $aPUL(R)$bita 041 1 $aita$hfre 100 1 $aAuvray, Paul,$cC.Or.,$d1904-$0(OLS)http://pul/name/381 240 10$aLangues sacrées.$lItaliano.$0(OLS)http://pul/title/116180 245 13$aLe lingue sacre /$cdi Paul Auvray, Pierre Poulain e Albert Blaise. 260 $aCatania :$bEdizioni Paoline,$c1959. 300 $a192 p. ;$c18 cm 490 1 $aEnciclopedia cattolica dell'uomo d'oggi.$aSezione 11, Letteratura cristiana ;$v115 504 $aBibliografia in nota. 650 4$aLingua aramaica.$0(OLS)http://pul/subject/20776 650 4$aLingua ebraica biblica.$0(OLS)http://pul/subject/14997 650 4$aLingua greca biblica.$0(OLS)http://pul/subject/7797 650 4$aLingua latina cristiana.$0(OLS)http://pul/subject/14836 700 1 $aBlaise, Albert,$d1894-$0(OLS)http://pul/name/7309 700 1 $aPoulain, Pierre.$0(OLS)http://pul/name/58213 830 0$aEnciclopedia cattolica dell'uomo d'oggi.$nSezione 11,$pLetteratura cristiana ;$v115.$0(OLS)http://pul/title/116178 850 $aPUL 852 $aPUL$W1$xDP1 Fondo Pastorale$y55$mP8 D 115$j113624$nBK-PRI$b $qFondi$B113624$CPULBib$Z2$F113624 $HPUL1713 $81 852 $aPUL$W1$xDP1 Fondo S. Lanza$y121$m3 M 16.115$j167866$qFondi$B168425$CPULBib$Z2$F168425 $HLAN1547 $82 941 1 $a1 996 $6245$aLe lingue sacre$9(OLS)http://pul/title/116181 996 $6260$aCatania :$bEdizioni Paoline$9(OLS)http://pul/publisher/48234 LEADER 00968nam a2200229 u 4500 001 000000073249 003 CaOOAMICUS 005 20070226122329.0 008 020627q18091860it u000 u ita u 035 $a10935172 040 $aPUL(R)$bita 100 1 $aGaude, Francesco,$ccard.,$d1809-1860.$0(OLS)http://pul/name/15875 245 10$aRelazione sugli affari religiosi della nazione armena cattolica /$cFrancesco Gaude. 260 $a[S. l. :$bs. n.],$c<1809-1860> ?. 300 $a81 p. ;$c28 cm 500 $aTesto su due colonne. 651 4$aArmenia$xStoria ecclesiastica.$0(OLS)http://pul/subject/9280 850 $aPUL 852 $aPUL$W1$xDP1 Antico 800$y27$m131 B 15$j94673$nBK-PRI$b $qStampati Antico$B94673$CPULBib$Z2$F94673 $H $81 941 1 $a15 996 $6245$aRelazione sugli affari religiosi della nazione armena cattolica$9(OLS)http://pul/title/96289 996 $6260$a[S. l. :$bs. n.]$9(OLS)http://pul/publisher/47882